Gruppi di Otto #2 - Statistics

Statistiche generali
  • Questo quiz è stato fatto 3.495 volte
  • Il punteggio medio è 37 su 72
Statistiche sulle risposte
Group Risposta % Corretto
Capitali europee più a Nord Oslo
92%
Città USA con più Turisti Internazionali New York City
89%
Capitali europee più a Nord Stoccolma
86%
Capitali europee più a Nord Helsinki
85%
Città USA con più Turisti Internazionali Los Angeles
83%
Ingredienti della "Pasta al pesto" Basilico
82%
Capitali europee più a Nord Copenaghen
81%
Capitali europee più a Nord Mosca
81%
Categorie di peso della Boxe Mosca
81%
Paesi del Patto di Varsavia Polonia
80%
Ingredienti della "Pasta al pesto" Olio EVO
79%
Capitali europee più a Nord Riga
75%
Ingredienti della "Pasta al pesto" Pasta
74%
Ingredienti della "Pasta al pesto" Pinoli (o noci)
72%
Ingredienti della "Pasta al pesto" Sale
72%
Stati USA che iniziano per "M" Michigan
70%
Paesi del Golfo Persico Iran
69%
Paesi del Golfo Persico Iraq
69%
Paesi del Golfo Persico Arabia Saudita
67%
Città USA con più Turisti Internazionali Miami
67%
Capitali europee più a Nord Reykjavik
67%
Stati USA che iniziano per "M" Minnesota
65%
Stati USA che iniziano per "M" Mississippi
65%
Città USA con più Turisti Internazionali San Francisco
65%
Stati USA che iniziano per "M" Montana
64%
Città USA con più Turisti Internazionali Washington D.C.
64%
Paesi del Golfo Persico Emirati Arabi Uniti
62%
Stati USA che iniziano per "M" Missouri
62%
Paesi del Golfo Persico Oman
62%
Paesi del Golfo Persico Qatar
62%
Città USA con più Turisti Internazionali Las Vegas
61%
Categorie di peso della Boxe Piuma
61%
Paesi del Golfo Persico Kuwait
58%
Ingredienti della "Pasta al pesto" Parmigiano
58%
Stati USA che iniziano per "M" Massachusetts
56%
Stati USA che iniziano per "M" Maine
55%
Stati USA che iniziano per "M" Maryland
54%
Paesi del Patto di Varsavia Romania
54%
Paesi del Patto di Varsavia Ungheria
54%
Paesi del Golfo Persico Bahrain
51%
Paesi del Patto di Varsavia Bulgaria
51%
Personaggi principali di "Guerre Stellari" (1977) Luke Skywalker
51%
Ingredienti della "Pasta al pesto" Aglio
49%
Categorie di peso della Boxe Massimi
49%
Paesi del Patto di Varsavia Unione Sovietica
48%
Personaggi principali di "Guerre Stellari" (1977) Principessa Leila
45%
Personaggi principali di "Guerre Stellari" (1977) Dart Fener
43%
Capitali europee più a Nord Tallinn
43%
Categorie di peso della Boxe Medi
42%
Paesi del Patto di Varsavia Cecoslovacchia
37%
Paesi del Patto di Varsavia Albania
35%
Personaggi principali di "Guerre Stellari" (1977) Ian Solo
35%
Categorie di peso della Boxe Leggeri
35%
Categoria tassonomiche Regno
33%
Personaggi principali di "Guerre Stellari" (1977) Chewbecca
29%
Paesi del Patto di Varsavia Germania Est
29%
Personaggi principali di "Guerre Stellari" (1977) Obi-Wan Kenobi
29%
Categoria tassonomiche Specie
27%
Ingredienti della "Pasta al pesto" Pecorino
26%
Categoria tassonomiche Famiglia
25%
Città USA con più Turisti Internazionali Orlando
23%
Personaggi principali di "Guerre Stellari" (1977) C1-P8
21%
Categoria tassonomiche Genere
20%
Personaggi principali di "Guerre Stellari" (1977) D-3BO
19%
Categoria tassonomiche Classe
18%
Categorie di peso della Boxe Welter
18%
Categorie di peso della Boxe Gallo
17%
Categorie di peso della Boxe Mediomassimi
17%
Categoria tassonomiche Ordine
16%
Categoria tassonomiche Phylum
16%
Categoria tassonomiche Dominio
13%
Città USA con più Turisti Internazionali Honolulu
10%
Nessun quiz corrispondente trovato
Distribuzione punteggi
Percentuale di utenti per punteggio
Percentile per numero di risposta
I tuoi punteggi nel tempo
Non hai fatto questo quiz